Thalapathy Vijay - All Movies & Years - Statistics

General Stats
  • This quiz has been taken 346 times
  • The average score is 19 of 74
Answer Stats
Movie % Correct
Master
84%
Bigil
78%
Theri
78%
Mersal
76%
Beast
73%
Ghilli
72%
Sarkar
70%
Thupaakki
66%
Jilla
61%
Nanban
60%
Pokkiri
57%
Puli
57%
Kaththi
56%
Bairavaa
51%
Sura
49%
Friends
45%
Kuruvi
44%
Thalaivaa
44%
Villu
43%
Velayudham
40%
Kaavalan
37%
Sivakasi
35%
Thirupaachi
35%
Kushi
30%
Aathi
28%
Thirumalai
28%
Youth
25%
Sachien
24%
Vettaikaaran
24%
Love Today
23%
Azhagiya Tamil Magan
22%
Vaseegara
21%
Shahjahan
20%
Thalapathy 66
20%
Badri
19%
Naalaiya Theerpu
19%
Madhurey
18%
Priyamaanavale
18%
Nerrukku Ner
17%
Bagavathi
16%
Once More
14%
Rasigan
14%
Thamizhan
13%
Coimbatore Mappillai
12%
Poove Unnakaga
12%
Rowdy Rathore
12%
Sukran
11%
Vishnu
11%
Thulladha Manamum Thullum
10%
Deva
9%
Udhaya
9%
Kadhalukku Mariyadhai
8%
Priyamudan
8%
Vetri
8%
Minsara Kanna
7%
Selva
7%
Pudhiya Geethai
6%
Sendhoorapandi
6%
Chandralekha
4%
Kannukkul Nilavu
4%
Maanbumigu Maanavan
4%
Nenjinile
4%
Ninaithen Vandhai
4%
Pandhayam
4%
Vasantha Vaasal
4%
Nilaave Vaa
3%
Kaalamellam Kaathiruppen
2%
Kudumbam
2%
Vasantha Raagam
2%
Endrendrum Kaadhal
1%
Ithu Engal Neethi
1%
Naan Sigappu Manithan
1%
Rajavin Parvayile
1%
Sattam Oru Villayaattu
0%
No matching quizzes found
Score Distribution
Percent of People with Each Score
Percentile by Number Answered
Your Score History
You have not taken this quiz